Williams textbook of endocrinology (Record no. 7201)
[ view plain ]
| 000 -LEADER | |
|---|---|
| fixed length control field | 00721nam a22002177a 4500 |
| 003 - CONTROL NUMBER IDENTIFIER | |
| control field | OSt |
| 005 - DATE AND TIME OF LATEST TRANSACTION | |
| control field | 20210909124439.0 |
| 008 - FIXED-LENGTH DATA ELEMENTS--GENERAL INFORMATION | |
| fixed length control field | 210909b ||||| |||| 00| 0 eng d |
| 040 ## - CATALOGING SOURCE | |
| Transcribing agency | NLM |
| 082 ## - DEWEY DECIMAL CLASSIFICATION NUMBER | |
| Classification number | WK7 M49.W 2019 |
| Item number | M49.W 2019 |
| 100 ## - MAIN ENTRY--PERSONAL NAME | |
| Personal name | Shlomo, Melmed: Kenneth S, Polonsky |
| 9 (RLIN) | 14803 |
| 245 ## - TITLE STATEMENT | |
| Title | Williams textbook of endocrinology |
| 260 ## - PUBLICATION, DISTRIBUTION, ETC. (IMPRINT) | |
| Place of publication, distribution, etc. | Philadelphia : |
| Name of publisher, distributor, etc. | Elsevier/Saunders, |
| Date of publication, distribution, etc. | c2001. |
| 300 ## - PHYSICAL DESCRIPTION | |
| Extent | xi,358p. : |
| Other physical details | ill. (chiefly col.) ; |
| Dimensions | 29 cm. |
| 504 ## - BIBLIOGRAPHY, ETC. NOTE | |
| Bibliography, etc | Includes bibliographical references and indexes. |
| 650 ## - SUBJECT ADDED ENTRY--TOPICAL TERM | |
| Topical term or geographic name as entry element | Endocrinology. |
| 9 (RLIN) | 2229 |
| 650 ## - SUBJECT ADDED ENTRY--TOPICAL TERM | |
| Topical term or geographic name as entry element | Endocrine glands -- Diseases. |
| 9 (RLIN) | 14804 |
| 650 ## - SUBJECT ADDED ENTRY--TOPICAL TERM | |
| Topical term or geographic name as entry element | Endocrine Glands. |
| 9 (RLIN) | 14805 |
| 650 ## - SUBJECT ADDED ENTRY--TOPICAL TERM | |
| Topical term or geographic name as entry element | Endocrine System Diseases. |
| 9 (RLIN) | 14806 |
| 942 ## - ADDED ENTRY ELEMENTS (KOHA) | |
| Source of classification or shelving scheme | Other/Generic Classification Scheme |
| Koha item type | Book |
| Withdrawn status | Lost status | Source of classification or shelving scheme | Damaged status | Not for loan | Home library | Current library | Date acquired | Source of acquisition | Inventory number | Total Checkouts | Full call number | Barcode | Date last seen | Price effective from | Koha item type |
|---|---|---|---|---|---|---|---|---|---|---|---|---|---|---|---|
| Other/Generic Classification Scheme | MUST Main Library | MUST Main Library | 09/09/2021 | Purchase | 21/41554 | WK7 M49.W 2019 M49.W 2019 | 2021-1038 | 09/09/2021 | 09/09/2021 | Book | |||||
| Other/Generic Classification Scheme | MUST Main Library | MUST Main Library | 09/09/2021 | Purchase | 21/40553 | WK7 M49.W 2019 M49.W 2019 | 2021-1039 | 09/09/2021 | 09/09/2021 | Book |
